[Event "WECU"]
[Site "?"]
[Date "2000.03.11"]
[Round "?"]
[White "Pinkerton, A."]
[Black "Stuart, Graham"]
[Result "0-1"]
[Annotator "Graham Stuart"]
[WhiteElo "151"]
[BlackElo "144"]
[PlyCount "52"]
[GameId "331667813276"]
[EventDate "2000.03.11"]
[EventType "game"]
[WhiteTeam "Devon"]
[BlackTeam "Hampshire"]

1. d4 Nf6 2. g3 g6 3. Bg2 Bg7 4. e4 d6 5. Ne2 O-O 6. O-O Nc6 7. b3 e5 8. d5 Ne7 9. f3 Nd7 10. Be3 f5 11. Nd2 f4 12. Bf2 h5 13. gxf4 exf4 14. Nd4 Ne5 15. Qe2 g5 16. Rac1 N7g6 17. c4 g4 $17 18. c5 Qg5 (18... g3 19. hxg3 fxg3 20. Bxg3 h4 21. Bh2 h3 22. cxd6 (22. Bh1 Qg5+ 23. Kf2 Qh4+ 24. Kg1 (24. Ke3 Bh6+) 24... Ng4 25. f4 (25. fxg4 Bxd4+))) 19. Ne6 Bxe6 20. dxe6 g3 21. hxg3 fxg3 22. Be3 Qh4 23. Bh1 $2 Nd3 $3 24. Nc4 Ngf4 25. Qd2 Nh3+ 26. Kg2 Nhf2 (26... Ndf4+ 27. Bxf4 Nxf4+ 28. Kg1 Bd4+ 29. Ne3 Bxe3+ 30. Rf2 gxf2+ 31. Kf1 Qxh1#) 0-1

[Event "WECU"]
[Site "?"]
[Date "2002.02.23"]
[Round "?"]
[White "Tomboline, D."]
[Black "Stuart, Graham"]
[Result "1/2-1/2"]
[Annotator "Graham Stuart"]
[WhiteElo "144"]
[BlackElo "144"]
[PlyCount "89"]
[GameId "334582532558"]
[EventDate "2002.02.23"]
[EventType "game"]
[WhiteTeam "Wiltshire"]
[BlackTeam "Hampshire"]

1. e4 e6 2. Nf3 d5 3. Nc3 Nf6 4. exd5 exd5 5. d4 Bg4 6. Be2 Bd6 7. Bg5 c6 8. O-O Nbd7 9. h3 Bh5 10. Ne5 Bxe2 11. Qxe2 O-O 12. Nxd7 Qxd7 13. Bxf6 gxf6 14. Qf3 Rae8 15. Rae1 Re6 16. Re3 Rfe8 17. Rfe1 Rxe3 18. Rxe3 Rxe3 {Draw offered} 19. fxe3 Qe6 20. e4 dxe4 21. Nxe4 f5 22. Nxd6 Qxd6 23. c3 Qe6 24. a3 Kg7 25. Qg3+ Kf8 26. Kf2 Qe4 27. Qe5 Qd3 $2 (27... Qxe5 28. dxe5 Ke7 29. Ke3 c5 30. Kf4 Ke6 31. a4 c4 $11) 28. Qe2 $2 (28. Qb8+ Kg7 29. Qxb7) 28... Qb1 29. Kf3 Qc1 30. a4 a6 31. Kg3 Qg5+ 32. Kh2 Qf4+ 33. g3 Qc1 34. Qf2 Qg5 35. h4 Qg4 36. a5 Qe4 37. b4 Qd3 38. Qf4 Qxc3 39. Qb8+ Kg7 40. Qxb7 Qxd4 41. Qxc6 Qd2+ 42. Kh3 Qxb4 (42... Qd1) 43. Qxa6 Qg4+ 44. Kg2 Qe4+ 45. Kh2 1/2-1/2

[Event "WECU"]
[Site "?"]
[Date "2002.10.05"]
[Round "?"]
[White "Kingdon, Frank"]
[Black "Stuart, Graham"]
[Result "1/2-1/2"]
[Annotator "Graham Stuart"]
[WhiteElo "141"]
[BlackElo "144"]
[PlyCount "30"]
[GameId "335906801467"]
[EventDate "2002.10.04"]
[EventType "game"]
[WhiteTeam "Dorset"]
[BlackTeam "Hampshire"]

1. Nf3 Nf6 2. g3 g6 3. Bg2 Bg7 4. O-O O-O 5. d3 d5 6. Nbd2 Nc6 7. e4 dxe4 8. Nxe4 Nxe4 9. dxe4 Be6 $2 10. Qe2 Nd4 11. Nxd4 Qxd4 12. c3 Qa4 13. Qe1 Qc4 14. Be3 Rad8 15. Qc1 Qd3 1/2-1/2

[Event "WECU"]
[Site "?"]
[Date "2002.04.06"]
[Round "?"]
[White "Bolduc, E."]
[Black "Stuart, Graham"]
[Result "1/2-1/2"]
[Annotator "Graham Stuart"]
[WhiteElo "119"]
[BlackElo "144"]
[PlyCount "48"]
[GameId "334923278870"]
[EventDate "2002.04.06"]
[EventType "game"]
[WhiteTeam "Bucks"]
[BlackTeam "Hants"]

1. Nf3 Nf6 2. g3 g6 3. Bg2 Bg7 4. O-O O-O 5. d4 d6 6. c4 Nc6 7. Nc3 e5 8. dxe5 dxe5 9. Qxd8 Rxd8 10. Nb5 Ne8 11. e4 Be6 12. b3 a6 13. Nc3 Nd4 14. Ng5 c6 (14... Bg4 $15) 15. Bb2 (15. Nxe6 Nxe6 $11) 15... h6 (15... Nc7) 16. Nxe6 Nxe6 17. Na4 $6 Rd2 (17... b5 18. Nc3 bxc4 19. bxc4 Rab8 20. Rfb1) 18. Rfd1 Rad8 19. Rxd2 Rxd2 20. Bc1 Rd1+ 21. Bf1 Nd6 $2 (21... Nf6) 22. Nc3 Re1 23. Bb2 $2 (23. f3 $1 Nd4 24. Kf2 Nxf3 25. c5 Rxf1+ 26. Kxf1 Ne8 $16) 23... Rxa1 24. Bxa1 Nd4 1/2-1/2

[Event "WECU"]
[Site "?"]
[Date "2002.03.16"]
[Round "?.10"]
[White "Allen, R."]
[Black "Stuart, Graham"]
[Result "0-1"]
[Annotator "Graham Stuart"]
[WhiteElo "137"]
[BlackElo "144"]
[PlyCount "120"]
[GameId "334584374826"]
[EventDate "2002.03.16"]
[EventType "game"]
[WhiteTeam "Glos"]
[BlackTeam "Hants"]

1. e4 e6 2. d4 d5 3. Nc3 Nf6 4. e5 Nfd7 5. f4 c5 6. Nf3 Nc6 7. Be3 a6 8. Qd2 cxd4 9. Nxd4 Bc5 10. g3 Nxd4 11. Bxd4 b5 12. Bg2 Bxd4 13. Qxd4 Qb6 14. Ne2 Bb7 15. Qxb6 Nxb6 16. b3 Rc8 17. Nd4 Nd7 18. O-O Ke7 19. Rae1 Nb8 20. f5 Nc6 21. Nxc6+ Rxc6 22. fxe6 fxe6 23. Rf2 Rf8 24. Rxf8 Kxf8 25. Re2 b4 26. Kf2 a5 27. Ke3 Ke7 28. Kd2 Rc3 29. a3 Ba6 30. axb4 axb4 31. Re3 d4 32. Rf3 $2 (32. Rxc3 bxc3+) 32... d3 $1 33. cxd3 Rxb3 34. Kc2 Rc3+ 35. Kd2 Ra3 36. Bf1 Ra2+ 37. Kc1 Rxh2 38. Rf4 Ra2 $2 (38... g5 39. Rf6 (39. Rxb4 Rh1) 39... h5) 39. Kb1 b3 40. d4 Bxf1 41. Rxf1 Rd2 42. Rf3 Rxd4 43. Rxb3 Rd5 (43... Re4 44. Rb7+ Kf8) 44. Re3 Kf7 45. Kc2 Kg6 46. Kc3 h5 47. Kc2 Kf5 48. Rf3+ Kxe5 49. Rf7 g6 50. Rf8 Rd4 51. Rh8 Kf5 52. Rf8+ Kg4 53. Rf6 g5 54. Rxe6 Kxg3 55. Kc3 Rf4 56. Kd3 h4 57. Rg6 g4 58. Ke3 h3 59. Rh6 Rf3+ 60. Ke2 h2 0-1

[Event "WECU"]
[Site "?"]
[Date "2003.02.15"]
[Round "?"]
[White "Stuart, Graham"]
[Black "Langdon, P."]
[Result "1-0"]
[Annotator "Graham Stuart"]
[WhiteElo "144"]
[BlackElo "151"]
[PlyCount "77"]
[GameId "262453469193"]
[EventDate "2003.02.15"]
[EventType "game"]
[WhiteTeam "Hampshire"]
[BlackTeam "Devon"]

1. e4 e6 2. d4 d5 3. Nc3 Bb4 4. e5 Ne7 5. Bd3 (5. a3) 5... Nf5 6. Nf3 Nc6 7. a3 Be7 8. Ne2 h5 $16 9. c3 g5 10. h3 Rg8 11. g4 hxg4 12. hxg4 Nh4 13. Ng3 (13. Nxh4 gxh4 14. Nf4) 13... Bd7 $2 14. Nh5 $16 (14. Nxh4 $1 $18) 14... Na5 15. Nxh4 $1 {Finally} gxh4 16. f4 $2 $16 (16. Bh7 $18 Rh8 17. Ng7+ Kf8 18. Bh6) 16... Bc6 17. f5 Qd7 18. fxe6 fxe6 19. Bh7 O-O-O 20. Bxg8 Rxg8 21. Nf6 Bxf6 22. exf6 Qf7 23. g5 Qg6 24. Rxh4 Be8 25. Qf3 $2 (25. Bf4 $18) 25... Nb3 26. Rh6 Qe4+ (26... Qf7) 27. Qxe4 dxe4 28. Rb1 Nxc1 29. Rxc1 Rxg5 30. Rh8 Kd7 31. Rh7+ Kd6 32. f7 Bxf7 33. Rxf7 Rg2 34. b3 e3 35. Rd1 Kd5 36. Rf4 e5 37. c4+ Ke6 38. d5+ Kd6 39. Re4 1-0

[Event "WECU U150"]
[Site "?"]
[Date "2004.10.09"]
[Round "?.3"]
[White "Searing, W."]
[Black "Stuart, Graham"]
[Result "1/2-1/2"]
[Annotator "Graham Stuart"]
[WhiteElo "137"]
[BlackElo "141"]
[PlyCount "29"]
[GameId "323546479274"]
[EventDate "2004.10.09"]
[EventType "game"]
[WhiteTeam "Dorset"]
[BlackTeam "Hampshire"]

1. e4 e6 2. d4 d5 3. Nc3 Nf6 4. Bg5 dxe4 5. Nxe4 Be7 6. Nxf6+ Bxf6 7. Bxf6 Qxf6 8. Nf3 c5 (8... O-O) 9. Bb5+ Bd7 10. Bxd7+ Nxd7 11. c3 O-O 12. Qc2 cxd4 13. Nxd4 Qe5+ (13... e5) 14. Qe2 Qxe2+ 15. Kxe2 1/2-1/2

[Event "National U140 Championship"]
[Site "Warwick"]
[Date "2014.06.30"]
[Round "?"]
[Board "1"]
[White "Atiomo, William"]
[Black "Chilton, Jamie"]
[Result "0-1"]
[Annotator "Graham Stuart"]
[WhiteElo "140"]
[BlackElo "140"]
[PlyCount "80"]
[EventDate "2014.06.30"]
[EventType "team"]
[EventCountry "ENG"]
[SourceTitle "ECF"]
[SourceDate "2023.10.06"]
[SourceVersionDate "2023.10.06"]
[WhiteTeam "Nottinghamshire"]
[BlackTeam "Hampshire"]

1. e4 c5 2. Nf3 e6 3. d4 cxd4 4. Nxd4 a6 5. Nc3 Nc6 6. Be2 Qc7 7. a3 b5 8. O-O Bb7 9. Be3 Nf6 10. Bf3 Ne5 11. Re1 Nc4 12. Bc1 Bd6 13. h3 Be5 14. Nde2 O-O 15. Rb1 Nxa3 16. Nxb5 Nxb5 17. Qd3 Rac8 18. c3 Rfd8 19. Bg5 h6 20. Bh4 g5 21. Bg3 d5 22. exd5 Bxg3 23. Nxg3 Nxd5 24. Nh5 Nf4 25. Qe3 Rd3 26. Qe5 Qxe5 27. Rxe5 Bxf3 28. Nxf4 gxf4 29. gxf3 Rxf3 30. Kg2 Rd3 31. Ra1 Kh7 32. Rxa6 Rg8+ 33. Kf1 f3 34. Ra1 Nd6 35. Ree1 Nc4 36. Red1 Nd2+ 37. Rxd2 Rxd2 38. Rb1 Rg2 39. b4 Rdxf2+ 40. Ke1 Rb2 0-1

[Event "Hampshire vs Oxfordshire"]
[Site "Warren Centre, Micheldever"]
[Date "2023.10.28"]
[Round "?"]
[Board "1"]
[White "Yichen Han"]
[Black "Iwan Cave"]
[Result "0-1"]
[Annotator "Iwan Cave"]
[WhiteElo "2506"]
[BlackElo "2162"]
[PlyCount "126"]
[EventDate "2023.??.??"]
[WhiteTeam "Oxfordshire"]
[BlackTeam "Hampshire"]

1. c4 e5 {This was my first game playing e5 against the English - I had only properly decided what to play against it 4 days prior to the game.} 2. Nc3 Bb4 3. Nd5 Be7 4. d4 exd4 5. Qxd4 Nf6 6. Nxe7 Qxe7 7. Bg5 Nc6 8. Qc3 d6 9. Bxf6 Qxf6 10. Qxf6 gxf6 {This is where my opening knowledge ended, Black has accepted doubled f-pawns for a lead in development. Long term they shouldn't cause too many problems as Black can defend them easily as long as not to many pieces are traded.} 11. g3 $5 Be6 12. b3 $6 a5 $1 {Trying to undermine white's a2-c4 pawn chain.} 13. O-O-O (13. a4 d5 $1 {Breaking open the centre to target White's backwards b-pawn.}) 13... a4 {Continuing with the plan.} 14. Bg2 Ra6 $5 {Interesting if not best, the idea is to get out of the way of the long diagonal, either aiming to double rooks on the a-file or shift a rook to the b-file.} 15. Nf3 Ke7 {There isn't much difference between this and O-O but I preferred Ke7 as I felt it held the centre together a bit better.} 16. Kb2 Rb8 17. e3 $2 (17. Rc1 $1 {Preparing for the opening of the c-file seems more logical.}) 17... axb3 {Not falling for the trap.} (17... b5 $2 18. cxb5 Rxb5 19. Bf1 axb3 $1 20. Bxb5 Rxa2+ 21. Kc3 Rc2+ 22. Kd3 Nb4+ 23. Ke4 f5+ 24. Kf4 Nd5+ 25. Rxd5 Bxd5) 18. axb3 b5 19. cxb5 Rxb5 20. Nd2 Nb4 {After Bf1 Black has Ra2+} 21. Ra1 {Forced to stop Ra2+} Nd3+ 22. Kc3 Rxa1 23. Rxa1 Nxf2 {Black is up a clean pawn.} 24. Ra7 Kd7 25. Bf3 {Making it difficult for the Black Knight to escape.} f5 {A multipurpose move, preventing Ne4 whilst allowing Black to recapture with the f-pawn after ... Ng5.} (25... Rc5+ $1 26. Nc4 f5 {This is a slightly better variation of what I played as after Ng4 White doesn't have Nf1 to defend both weaknesses.}) 26. b4 Ng4 27. Bxg4 $6 (27. Nf1 $17 {Holding all of White's Pawns. All of White's pieces are still lacking co-ordination so Black still has a serious advantage for him to realise.}) 27... fxg4 {Black now has ideas of Rh5 or Rf5-f2} 28. Ra5 Rxa5 29. bxa5 Kc6 (29... f5 $1 {This would be a better move, preventing Ne4.}) 30. Kb4 $2 (30. Ne4 $1 {It is better for White to go for activity and give up the a-pawn as it will be difficult for Black to make progress with the c and d-pawns against White's e-pawn.} Kb5 31. Nf6 Kxa5 32. Nxh7 Kb5 33. Nf6 $17) 30... Bd5 $1 {Dominating the White Knight.} 31. e4 Be6 32. Nf1 $6 {White is just wasting tempi here, a better attempt would have been to regroup via b1.} Kb7 33. Nd2 Ka6 34. e5 $5 {An interesting attempt to seek complications.} c5+ $1 {Forcing back the White king while Black still has the chance.} 35. Ka4 d5 {Continuing to dominate the White Knight.} 36. Nb3 Bd7+ 37. Ka3 Kb5 38. a6 Bc6 39. a7 Ba8 $1 {A waiting move, making White commit to a plan which also blocks the promotion square.} 40. Nc1 Kc4 41. Kb2 d4 42. Nb3 Kd5 43. Na1 Kxe5 {Black is on a mission now to hover up all White's pawns.} 44. Nc2 Ke4 45. Na3 Kf3 46. Nb5 Kg2 47. Nc7 Bf3 (47... Bb7 {This would have been slightly for reasons which will become obvious later.}) 48. Kb3 Kxh2 49. Kc4 Bb7 {Avoiding the last trap.} (49... Kxg3 $4 50. Nd5 $18) 50. Ne8 Kxg3 51. Nd6 Ba8 52. Kxc5 d3 53. Nc4 Kh2 54. Kb6 g3 55. Kc7 g2 56. Kb8 g1=Q 57. Kxa8 Qg2+ 58. Kb8 d2 59. Nb2 h5 60. Nd1 h4 61. Ne3 Qg3+ 62. Kc8 Qxe3 63. a8=Q Qe8+ {Black Won} 0-1

[Event "Hampshire Ladies Individual"]
[Site "Southampton"]
[Date "2024.10.06"]
[Round "1"]
[White "Saunders, Rose"]
[Black "Birch, Megan"]
[Result "0-1"]
[Annotator "Graham Stuart"]
[WhiteElo "1084"]
[BlackElo "1502"]
[PlyCount "76"]
[GameId "512755697180"]
[EventDate "2024.10.06"]
[EventType "tourn"]
[EventRounds "8"]
[EventCountry "ENG"]

1. d4 c5 2. d5 e6 3. e4 exd5 4. Qxd5 Nf6 5. Qd3 Nc6 6. a3 Ne5 7. Qe2 Be7 8. Nc3 O-O 9. Bd2 a6 10. O-O-O b5 11. Kb1 b4 12. Na4 bxa3 13. b3 c4 14. Ka2 Qc7 15. Rb1 Rb8 16. b4 a5 17. c3 axb4 18. cxb4 Nd3 19. Kxa3 Qa7 20. Be3 Qa5 21. Qd2 Bxb4+ 22. Rxb4 Rxb4 23. Qc2 Rb3+ 24. Qxb3 cxb3 25. Kxb3 Ne5 26. Bc5 Nxe4 27. Bb4 Qd5+ 28. Bc4 Qxc4+ 29. Ka3 Nxf2 30. Nb2 Qa6+ 31. Kb3 d6 32. h3 Be6+ 33. Kc2 Rc8+ 34. Bc3 Qc6 35. Ne2 Nxh1 36. Kd2 Nc4+ 37. Kc2 Nxb2 38. Kxb2 Ng3 0-1

[Event "County"]
[Site "?"]
[Date "1967.??.??"]
[Round "?"]
[White "Brameld, Arthur F"]
[Black "Hollis, G."]
[Result "0-1"]
[WhiteElo "2030"]
[BlackElo "2135"]
[PlyCount "84"]
[EventDate "1967.??.??"]
[EventType "simul"]
[EventRounds "3"]

1. e4 c5 2. Nf3 Nc6 3. d4 cxd4 4. Nxd4 g6 5. c4 Bg7 6. Nc2 Nf6 7. Nc3 O-O 8. Be2 a5 9. O-O d6 10. f4 a4 11. Be3 Nd7 12. Qd2 Nc5 13. Bf3 Na5 14. Na3 Be6 15. Nd5 Bxd5 16. cxd5 Rb8 17. Rac1 b5 18. e5 Qb6 19. Rfd1 Rfc8 20. exd6 exd6 21. Bd4 Bxd4+ 22. Qxd4 Re8 23. h3 b4 24. Nc4 Nxc4 25. Rxc4 b3 26. axb3 Qxb3 27. Rd2 Qe3+ 28. Qxe3 Rxe3 29. Bd1 a3 30. bxa3 Rb1 31. Kf2 Rxa3 32. Bf3 Kg7 33. Kg3 h5 34. Kh2 Kf6 35. Rcc2 h4 36. Ra2 Rc3 37. Rac2 Rcb3 38. Ra2 Rb4 39. g3 R1b3 40. Kg2 hxg3 41. Ra1 Rxf4 42. Rf1 Kg5 0-1

[Event "County"]
[Site "?"]
[Date "1967.??.??"]
[Round "?"]
[White "Brameld, Arthur F"]
[Black "Doney, R."]
[Result "0-1"]
[WhiteElo "2030"]
[BlackElo "2120"]
[PlyCount "76"]
[EventDate "1967.??.??"]
[EventType "simul"]
[EventRounds "3"]

1. e4 e6 2. c4 c5 3. Nf3 Nc6 4. d4 cxd4 5. Nxd4 Nf6 6. Nxc6 bxc6 7. Nc3 Bb4 8. Bd2 Qc7 9. Bd3 O-O 10. O-O Bc5 11. Kh1 e5 12. Bg5 Ne8 13. Bh4 d6 14. f4 f6 15. Bf2 exf4 16. Qf3 Bxf2 17. Rxf2 g5 18. Rg1 Qb6 19. g3 Bg4 20. Qxg4 Qxf2 21. gxf4 Ng7 22. e5 Qxf4 23. Qxf4 gxf4 24. exd6 c5 25. Ne4 Rad8 26. b4 f5 27. Nxc5 Rxd6 28. Rf1 Rfd8 29. Bc2 Rd2 30. Bb3 R8d6 31. Rxf4 Rh6 32. Ne4 Rdxh2+ 33. Kg1 Rh1+ 34. Kg2 R6h2+ 35. Kg3 Rh3+ 36. Kg2 fxe4 37. c5+ Rxb3 38. Kxh1 Rxb4 0-1

[Event "County"]
[Site "?"]
[Date "1975.??.??"]
[Round "?"]
[White "Brameld, Arthur F"]
[Black "Roebuck, I."]
[Result "1-0"]
[WhiteElo "2150"]
[BlackElo "2175"]
[PlyCount "85"]
[EventDate "1975.??.??"]
[EventType "simul"]
[EventRounds "7"]

1. e4 e5 2. Nf3 Nc6 3. d4 exd4 4. c3 d5 5. exd5 Qxd5 6. cxd4 Bg4 7. Be2 Bb4+ 8. Nc3 Bxf3 9. Bxf3 Qc4 10. Bxc6+ Qxc6 11. O-O Bxc3 12. bxc3 Ne7 13. Ba3 Kd7 14. Re1 Rae8 15. Bxe7 Rxe7 16. Qg4+ Kd8 17. Rxe7 Kxe7 18. Re1+ Kd8 19. Qxg7 Re8 20. Qg5+ Kc8 21. Rxe8+ Qxe8 22. Qe5 Qa4 23. g3 b6 24. Qf5+ Qd7 25. Qxh7 Qe6 26. Qd3 Qxa2 27. Qf3 a5 28. h4 a4 29. h5 a3 30. Kg2 Qc4 31. h6 a2 32. Qa8+ Kd7 33. h7 Qc6+ 34. Qxc6+ Kxc6 35. h8=Q a1=Q 36. Qf6+ Kb7 37. Qxf7 Qxc3 38. Qf3+ Qc6 39. Qxc6+ Kxc6 40. Kf3 Kd5 41. Ke3 Kc4 42. g4 b5 43. g5 1-0

[Event "County"]
[Site "?"]
[Date "1987.??.??"]
[Round "?"]
[White "Dilleigh, Steven"]
[Black "Brameld, Arthur F"]
[Result "1/2-1/2"]
[WhiteElo "2100"]
[BlackElo "2140"]
[PlyCount "45"]
[EventDate "1987.??.??"]
[EventType "simul"]
[EventRounds "2"]

1. d4 d5 2. Nf3 e6 3. c4 Nf6 4. Nc3 c5 5. cxd5 Nxd5 6. e4 Nxc3 7. bxc3 cxd4 8. cxd4 Bb4+ 9. Bd2 Qa5 10. Bxb4 Qxb4+ 11. Qd2 Nc6 12. Bd3 O-O 13. Rb1 Qxd2+ 14. Kxd2 Rd8 15. Ke3 b6 16. Rhc1 Bb7 17. Rc3 Rac8 18. Rbc1 Nb4 19. Rxc8 Rxc8 20. Rxc8+ Bxc8 21. Bb1 Bb7 22. a3 Na6 23. Ba2 1/2-1/2

[Event "County"]
[Site "?"]
[Date "1975.??.??"]
[Round "?"]
[White "Northage, R."]
[Black "Brameld, Arthur F"]
[Result "1-0"]
[Annotator "Arthur F Brameld"]
[WhiteElo "2140"]
[BlackElo "2150"]
[PlyCount "89"]
[EventDate "1975.??.??"]
[EventType "simul"]
[EventRounds "7"]

1. e4 Nf6 2. Nc3 e5 3. f4 d5 4. fxe5 Nxe4 5. Nxe4 dxe4 6. d4 exd3 7. Qxd3 Qxd3 8. Bxd3 Bd7 9. Bf4 Bc6 10. Nf3 Nd7 11. e6 fxe6 12. Bxc7 Rc8 13. Ba5 Bxf3 14. gxf3 Be7 15. O-O-O O-O 16. Bxh7+ Kxh7 17. Rxd7 Bg5+ 18. Kb1 Rxf3 19. Bc3 Rcf8 20. Rxg7+ Kh6 21. Rd7 Rf1+ 22. Rd1 Rxh1 23. Rxh1 Rf3 24. Be5 Bf4 25. Bxf4+ Rxf4 26. b3 e5 27. Re1 e4 28. Re2 Kg5 29. Kc1 Rh4 30. Kd2 Kf4 31. Ke1 b5 32. c4 bxc4 33. bxc4 Rg4 $2 (33... e3 $15 {obvious !!! (2003)}) 34. Kf2 Rh4 35. Kf1 Rh3 36. Rc2 Rd3 37. c5 Kf3 38. Rc1 e3 39. c6 Rd8 40. c7 Rc8 41. Rc3 a5 42. a4 Ke4 43. Ke2 Kd4 44. Rc1 Ke4 45. h4 1-0

[Event "County"]
[Site "?"]
[Date "1987.??.??"]
[Round "?"]
[White "Hewson, BWR"]
[Black "Brameld, Arthur F"]
[Result "1/2-1/2"]
[Annotator "Arthur F Brameld"]
[WhiteElo "2030"]
[BlackElo "2140"]
[PlyCount "35"]
[EventDate "1987.??.??"]
[EventType "simul"]
[EventRounds "2"]

1. d4 d5 2. c4 e6 3. Nc3 c5 4. cxd5 cxd4 5. Qa4+ Bd7 6. Qxd4 exd5 7. Qxd5 Nc6 8. Bg5 Nf6 9. Bxf6 Qxf6 10. Qe4+ Be6 11. O-O-O Rc8 12. e3 Bb4 13. Nd5 Qxf2 14. Kb1 Qf5 15. Qxf5 Bxf5+ 16. Bd3 Bxd3+ (16... Be6 $17) 17. Rxd3 O-O 18. Nf3 $15 1/2-1/2

[Event "County"]
[Site "?"]
[Date "1990.??.??"]
[Round "?"]
[White "Brameld, Arthur F"]
[Black "Haydon, Richard"]
[Result "1/2-1/2"]
[WhiteElo "2185"]
[BlackElo "2165"]
[PlyCount "101"]
[EventDate "1990.??.??"]
[EventType "simul"]
[EventRounds "5"]

1. e4 g6 2. d4 Bg7 3. Nc3 c6 4. Bc4 d6 5. a4 Nf6 6. Bb3 O-O 7. f4 d5 8. e5 Bg4 9. Nge2 Nfd7 10. h3 Bxe2 11. Nxe2 e6 12. O-O c5 13. c4 Nb6 14. dxc5 dxc4 15. Qxd8 Rxd8 16. cxb6 cxb3 17. bxa7 Rxa7 18. Be3 Ra8 19. Rfd1 {19.Rfc1!?} Nc6 20. Nc3 g5 21. g3 gxf4 22. gxf4 f6 23. exf6 Bxf6 24. Bb6 Rxd1+ 25. Nxd1 Nb4 $6 {23....Nd4  23....Bd4} 26. Ra3 Nd5 27. Bf2 Nxf4 28. Rxb3 Rxa4 29. Kh2 Be5 30. Bg3 Rd4 31. Nf2 Rd2 32. Rxb7 Bd4 33. Bxf4 Rxf2+ 34. Kg3 e5 $2 35. Bxe5 Rd2 36. Bxd4 Rxd4 37. b4 Rc4 38. b5 Rb4 39. Kf3 Rh4 40. Kg3 Rb4 41. b6 $2 h6 42. Kf3 Kf8 43. Ke3 Ke8 44. Kd3 Kd8 45. Kc3 Rb1 46. Kc4 Rc1+ 47. Kd5 Rd1+ 48. Ke5 {48.Ke6 may be better} Rb1 49. h4 Rb4 $1 50. h5 Kc8 $1 51. Rc7+ 1/2-1/2

[Event "County"]
[Site "?"]
[Date "1979.??.??"]
[Round "?"]
[White "Brameld, Arthur F"]
[Black "Cowling, M."]
[Result "1/2-1/2"]
[WhiteElo "2030"]
[BlackElo "2140"]
[PlyCount "52"]
[EventDate "1979.??.??"]
[EventType "game"]

1. e4 c5 2. Nf3 d6 3. d4 cxd4 4. Qxd4 a6 5. Be3 Nc6 6. Qb6 Qxb6 7. Bxb6 Bg4 8. Nc3 e6 9. O-O-O Rc8 10. Be2 Nf6 11. h3 Bh5 12. g4 Bg6 13. Nd2 e5 14. Bc4 Be7 15. Bd5 Nb4 16. Bb3 O-O 17. a3 Nc6 18. f3 Nd7 19. Be3 b5 20. h4 h5 21. Rdg1 Kh7 22. Nd5 Nc5 23. Bxc5 dxc5 24. Nxe7 Nxe7 25. gxh5 Bxh5 26. Rg5 g6 1/2-1/2

[Event "County"]
[Site "?"]
[Date "1965.??.??"]
[Round "?"]
[White "Davis, M."]
[Black "Brameld, Arthur F"]
[Result "1-0"]
[WhiteElo "2120"]
[BlackElo "2040"]
[PlyCount "65"]
[EventDate "1965.??.??"]
[EventType "simul"]
[EventRounds "5"]

1. e4 c5 2. Nf3 d6 3. d4 cxd4 4. Nxd4 Nf6 5. Nc3 g6 6. f4 Nc6 7. Be2 Bg7 8. Be3 O-O 9. O-O Bd7 10. Nb3 a6 11. g4 b5 12. a3 Ne8 13. Bf3 Rb8 14. Qd2 Qc8 15. h3 Kh8 16. Rad1 f5 17. exf5 gxf5 18. Nc5 dxc5 19. Qxd7 Nd4 20. Qxe7 Nxf3+ 21. Rxf3 fxg4 22. Rg3 Rb7 23. Qxc5 Rc7 24. Qg5 gxh3 25. Rd8 Qe6 26. f5 Qf6 27. Qxf6 Bxf6 28. Ra8 h2+ 29. Kh1 Be5 30. Bh6 Bxg3 31. Bxf8 Rf7 32. Rxe8 Kg8 33. Bh6+ 1-0

[Event "County"]
[Site "?"]
[Date "1965.??.??"]
[Round "?"]
[White "Brameld, Arthur F"]
[Black "Van Dyk, T."]
[Result "1-0"]
[WhiteElo "2040"]
[BlackElo "2080"]
[PlyCount "43"]
[EventDate "1965.??.??"]
[EventType "simul"]
[EventRounds "5"]

1. e4 c5 2. f4 Nc6 3. Nf3 g6 4. c3 d5 5. d3 Bg7 6. e5 d4 7. Nbd2 f6 8. Qe2 Qd5 9. c4 Qe6 10. Ne4 b6 11. exf6 Nxf6 12. Nfg5 Qd7 13. g3 Qc7 14. Bg2 h6 15. Nxf6+ Bxf6 16. Qe4 Nd8 17. Qxg6+ Kd7 18. Bxa8 hxg5 19. Be4 Rf8 20. O-O Nf7 21. Bd5 Nd6 22. fxg5 1-0

[Event "County"]
[Site "?"]
[Date "1990.??.??"]
[Round "?"]
[White "Graham, D."]
[Black "Brameld, Arthur F"]
[Result "1-0"]
[WhiteElo "2040"]
[BlackElo "2100"]
[PlyCount "87"]
[EventDate "1990.??.??"]
[EventType "simul"]
[EventRounds "5"]

1. e4 Nf6 2. Nc3 d5 3. e5 Ne4 4. Nb1 d4 5. Bc4 Nc6 6. Qf3 Ng5 7. Qg3 Ne6 8. d3 Na5 9. Ne2 Nxc4 10. dxc4 g6 11. O-O c5 12. Nf4 Nxf4 13. Bxf4 Bf5 14. Na3 Qa5 15. Rfe1 a6 16. Re2 Rd8 17. e6 d3 18. Bc7 Qb4 19. Rd1 Qxb2 20. Ree1 Qxa3 21. Bxd8 fxe6 22. Bc7 Bg7 23. cxd3 Bc3 24. Be5 O-O 25. Bxc3 Qxc3 26. Qe5 Qxe5 27. Rxe5 b6 28. f3 Rd8 29. Re3 e5 30. g4 Bd7 31. Rxe5 Ba4 32. Rd2 Kf8 33. Kf2 Rd6 34. Rd5 Rf6 35. Kg3 Kf7 36. f4 Bc6 37. Re5 Rd6 38. Re3 e6 39. h4 b5 40. Rc2 bxc4 41. Rxc4 Rd5 42. Rc3 a5 43. Re5 a4 44. a3 1-0